00322 a2200097 4500082001900000100001800019245008400037260005400121300003300175650001600208 a333.910973 LEO aLeon, Luis R. aStrom Water Quality Handbooks Project Planning and Design Guide /cLuis R. Leon aCalifornia :bDepartment of Transportation,c2000 avarious Pagesbill. ;c30 cm aStrom Water